Nitra -- Kláštor milosrdných sestár

Zobrazenie: Pohľad v bielom orámovaní na dnešnú Farskú ulicu. vľavo vidno rad budov, medzi nimi kostol Navštívenia Panny Márie s kláštorom. Chodník pozdĺž ulice je lemovaný mladými listnatými stromami

Bibliographic Details
Format: Photo
Language:Slovak
Published: Holice Grafo Čuda 1941
Subjects:

MARC

LEADER 00000nkm a2200000 a 4500
001 vtls011891958
003 SK-MaSNL
005 20260301052027.0
007 kf bo
008 240221s1941 xr g kuslo
015 |a SNBG1941 
035 |a urn:nbn:sk:snk-km00efd7 
035 |a urn:nbn:sk:snk-km43dng 
035 |a 34240022-3DFE-489E-8C26-C36A7A2DDB0F 
040 |a SNK  |b slo  |c SNK  |e AACR2 
041 0 |a slo 
043 |a e-xo--- 
044 |a xr  |c CZ 
072 7 |a 913  |x Regionálna geografia  |2 konspekt 
080 |a 913(437.6)  |2 2011 
080 |a 726:27-523.42  |2 2011 
080 |a (084.121)  |2 2011 
080 |a 2-523.6-788/-1/-9  |2 2011 
080 |a 711.73  |2 2011 
245 0 0 |a Nitra -- Kláštor milosrdných sestár  |h grafika 
260 |a Holice  |b Grafo Čuda  |c 1941 
300 |a 1 pohľadnica  |b čiernobiela  |c 14 x 10 cm 
520 8 |a Zobrazenie: Pohľad v bielom orámovaní na dnešnú Farskú ulicu. vľavo vidno rad budov, medzi nimi kostol Navštívenia Panny Márie s kláštorom. Chodník pozdĺž ulice je lemovaný mladými listnatými stromami 
610 2 7 |a Kostol Navštívenia Panny Márie (Nitra, Slovensko)  |2 SNKKA  |9 156884 
650 0 7 |a kostoly  |2 SNKPH  |9 3023 
650 0 7 |a kláštory  |2 SNKPH  |9 3024 
650 0 7 |a ulice  |2 SNKPH  |9 2938 
651 7 |a Nitra (Slovensko)  |2 SNKPHgeo  |9 15714 
655 7 |a miestne pohľadnice  |2 SNKPH  |9 70510 
852 |a Slovenská národná knižnica 
958 |a EUIPO 
958 |a GBN 
958 |a GC 
958 |a OND 
999 |c 604821  |d 606751 
952 |a SNK  |b SNK  |y PREZ  |7 0  |p 17A1244747  |o snkSP 43860  |z Pohľadnica prešla poštou.  |0 0  |1 0  |4 0  |d 2019-10-07  |f 1  |l 0  |r 2026-02-23 16:05:44  |w 2026-02-23